000 02349nam a2200313 a 4500
001 77924
003 BD-RjUL
005 20211209083051.0
008 210211s2008 bg a|||| m||| 00| 0 ben d
035 _a(BD-RjUL)78150
040 _aBD-RjUL
_bben /eng
_cBD-RjUL
_dBD-RjUL
041 _aben
082 _a297.77095492
_bRAA 2008
_223
100 _aরহমান, মোহাম্মাদ আজিবার
_9244738
245 1 0 _aআরবী ইসলামী শিক্ষা বিস্তারে বৃহত্তর খুলনা জেলার আলিমগণের অবদান (১৯০৫-২০০০ খ্রী . ) /
_cমোহাম্মাদ আজিবার রহমান ;
_6গবেষণা তত্ত্বাবধায়ক : মো. আব্দুস সালাম
260 _aরাজশাহী :
_bআরবী বিভাগ, রাজশাহী বিশ্ববিদ্যালয়,
_c২০০৮
300 _a viii, ৪৭১ পাতা :
_bচিএ ;
_c২৯ সেমি.
502 _aথিসিস (পিএইচ. ডি.) -- আরবী বিভাগ, রাজশাহী বিশ্ববিদ্যালয়, ২০০৮
504 _aগ্রন্থপঞ্জি : পাতা ৪৫০-৪৭১
600 _x
_9244912
650 _a ইসলামী ধর্মীয় শিক্ষা
_zবাংলাদেশ
_zবৃহত্তর খুলনা জেলা
_y১৯০৫-২০০০ খ্রী.
_9244739
650 _aIslamic religious education
_zBangladesh
_zGreater Khulna District
_y1905-2000 A. D.
_9244740
650 _aশিক্ষা এবং রাষ্ট্র
_zবাংলাদেশ
_zবৃহত্তর খুলনা জেলা
_y১৯০৫-২০০০ খ্রী.
_9244772
650 _aEducation and state
_zBangladesh
_zGreater Khulna District
_y1905-2000 A. D.
_9244773
650 _aমাদ্রাসা
_zবাংলাদেশ
_zবৃহত্তর খুলনা জেলা
_y১৯০৫-২০০০ খ্রী.
_9244449
650 _aMadrasahs
_zBangladesh
_zGreater Khulna District
_y1905-2000 A. D.
_9119588
700 _aসালাম, মো. আব্দুস, গবেষণা তত্ত্বাবধায়ক
_9244741
942 _2ddc
_cTHE
999 _c77924
_d77924